| 000 | 00743nam a2200205 a 4500 | ||
|---|---|---|---|
| 001 | 0722 | ||
| 005 | 20140414132142.0 | ||
| 008 | 040927s19uu xx 00 eng d | ||
| 020 | _a0-978-0-439-04596-7 | ||
| 050 |
_aKIT (LCER) 152.14'23 _bB35 1999 |
||
| 100 | _aBerger, Samantha | ||
| 245 |
_aPatterns / _cSamantha Berger, Daniel Moreton. |
||
| 260 |
_aNew York : _bScholastic, _c1999. |
||
| 300 | _a1 v. (unp.) : ill. ; cm. | ||
| 440 | _aLearning center emergent readers | ||
| 520 | _aSimple text and photographs present patterns in animals, nature, and all around us, including those found in piano keys, a snakeskin, and plowed field. | ||
| 650 |
_aPatterns perception _xJuvenile literature. |
||
| 999 |
_c115367 _d115367 |
||